000 00878nam a22003017a 4500
003 CHAP
005 20220817042522.0
008 971013s1952 r 00010 d
010 _a46987
011 _a47959
035 _a52103
040 _cCHAP
082 _a641.1
_bF36s
110 _aFAO
245 _aSegunda encuesta mundial alimentaria
260 _aRoma :
_bFAO,
_c1952
300 _a65 p.
590 _aBATCH-UPD
_b10
_c20130110
_lUCH01
_h1445
590 _aBATCH-UPD
_b10
_c20130410
_lUCH01
_h0915
590 _aBATCH-UPD
_b10
_c20130914
_lUCH01
_h0137
590 _aCONVERSION
_b10
_c20130109
_lUCH01
_h1326
650 1 4 _aAlimentos
_xInvestigación.
_94240
650 1 4 _aNutrición.
_982246
901 _aBK
942 _cLIBRO
949 _a641.1 F36s
_bBC
_cFAO
_d-116252
_eFAO1
_h24880
_i52103
_si
949 _a641.1 F36s
_bBC
_cFAO
_d-116253
_eFAO2
_fc.2
_h24881
_i52103
_si
999 _c46987
_d46987